00221 a2200097 450000100060000008200180000610000250002424500240004926000420007330000080011580616 a303.62522 IQB aIqbal S. Hussain, Dr aTerrorism in Action alahorrebHumanity Internationalc2003 a382